• 首页
  • 本馆介绍
  • 公告通知
  • 最新文献
  • 馆藏检索
  • 电子资源
  • 读者导购
  • 参考咨询
  • 我的图书馆
  • 登录
  • 详细信息显示
  • 放入我的书架
  • 预约/预借图书
  • 作者相关作品
  • 分类相关作品
  • 丛书相关作品
  • 出版社相关作品

书目信息

  • 表格格式
  • 工作单格式
  • 卡片格式
题名:
阿拉伯帝国
    
 
作者: 穆尔 , Muir 著 ;周术情 译
分册:  
出版信息: 西宁   青海人民出版社  2006
页数: 481页
开本: 25cm
丛书名: 帝国史译丛
单 册:
中图分类: K135
科图分类:
主题词:
电子资源:
ISBN: 7-225-02782-4
000 01106oam2 2200301 450
001 012007949235
005 20070516164020.14
010    @a7-225-02782-4@dCNY50.00
100    @a20070430d2006 km y0chiy0120 ea
101 1  @achi@ceng
102    @aCN@b640000
105    @aab z 001yy
106    @ar
200 1  @a阿拉伯帝国@Aa la bo di guo@f(英)威廉·穆尔著@F(ying)wei lian·mu er zhu@g周术情等译@Gzhou shu qing deng yi
210    @a西宁@c青海人民出版社@d2006
215    @a481页@c图,地图@d25cm
225 2  @a帝国史译丛
312    @a原名,阿拉伯帝国的兴起、衰落和灭亡
330    @a作者以大量的古代阿拉伯史料为基础,或以主要政治事件,或以主要战役,或以主要哈里发,或以历史人物为专题,提供了阿拉伯帝国如何在各地实现统治,伊斯兰教如何被推至主流意识形态的地位等史实。
461  0 @12001 @a帝国史译丛
607    @a阿拉伯帝国@x历史@z(632~1094)
607    @a阿拉伯帝国
690    @aK135@v4
701  1 @c(英)@a穆尔@Amu er@bWilliam@f(1819~1905)@4著
701  1 @c(英)@aMuir@bWilliam@f(1819~1905)@4著
702  0 @a周术情@Azhou shu qing@4译
801  0 @aCN@bRULIN@c20070516
905    @dK135@e166@s4
    
    阿拉伯帝国/(英)威廉·穆尔著/周术情等译.-西宁:青海人民出版社,2006
    481页:图,地图;25cm.-(帝国史译丛)
    
    
    ISBN 7-225-02782-4:CNY50.00
    作者以大量的古代阿拉伯史料为基础,或以主要政治事件,或以主要战役,或以主要哈里发,或以历史人物为专题,提供了阿拉伯帝国如何在各地实现统治,伊斯兰教如何被推至主流意识形态的地位等史实。
●
相关链接 在E读中查询图书 在五车中查询图书 在当当中查询图书 在豆瓣中查询图书


正题名:阿拉伯帝国     索取号:K135/166         预约/预借

序号 登录号 条形码 馆藏地/架位号 状态 备注
1 0571721   205717214   第二样本阅览室/ [索取号:K135/166] 在馆    
2 0571722   205717223   第二借阅区/ [索取号:K135/166] 在馆    
3 0571723   205717232   第二借阅区/ [索取号:K135/166] 在馆    
4 0571724   205717241   第二借阅区/ [索取号:K135/166] 在馆    
唐山师范学院图书馆 欢迎您!
大连网信软件有限公司© 版权所有